Otra educación con cine, literatura y canciones / (Record no. 192203)

MARC details
000 -LEADER
campo de control de longitud fija 01418nam a2200409 i 4500
001 - NÚMERO DE CONTROL
campo de control 192203
003 - IDENTIFICADOR DE NÚMERO DE CONTROL
campo de control SpMaBN
005 - FECHA Y HORA DE LA ÚLTIMA TRANSACCIÓN
campo de control 20250829125043.0
008 - DATOS DE LONGITUD FIJA--INFORMACIÓN GENERAL
campo de control de longitud fija 221113s2020 sp | |||| 000 0 spa
017 ## - NÚMERO DE COPYRIGHT O DE DEPÓSITO LEGAL
Número de copyright o de depósito legal B 13241-2020
Agencia que asigna Oficina Depósito Legal Barcelona
020 ## - NÚMERO INTERNACIONAL ESTÁNDAR DEL LIBRO
Número Internacional Estándar del Libro 978-84-18348-15-0
040 ## - FUENTE DE CATALOGACIÓN
Centro catalogador/agencia de origen SpMaBN
Lengua de catalogación spa
Centro/agencia transcriptor SpMaBN
Normas de descripción rda
080 ## - NÚMERO DE LA CLASIFICACIÓN DECIMAL UNIVERSAL
Número de la Clasificación Decimal Universal 37.011
080 ## - NÚMERO DE LA CLASIFICACIÓN DECIMAL UNIVERSAL
Número de la Clasificación Decimal Universal 37.013.73
080 ## - NÚMERO DE LA CLASIFICACIÓN DECIMAL UNIVERSAL
Número de la Clasificación Decimal Universal 316.74:791.4
080 ## - NÚMERO DE LA CLASIFICACIÓN DECIMAL UNIVERSAL
Número de la Clasificación Decimal Universal 316.74:82
080 ## - NÚMERO DE LA CLASIFICACIÓN DECIMAL UNIVERSAL
Número de la Clasificación Decimal Universal 316.74:78
100 1# - ENTRADA PRINCIPAL--NOMBRE DE PERSONA
Nombre de persona Carbonell i Sebarroja, Jaume
Término indicativo de función/relación Autor
9 (RLIN) 157017
245 10 - MENCIÓN DEL TÍTULO
Título Otra educación con cine, literatura y canciones /
Mención de responsabilidad, etc. Jaume Carbonell Sebarroja, Jaume Martínez Bonafé.
250 ## - MENCION DE EDICION
Mención de edición Primera edición: septiembre de 2020
260 ## - PUBLICACIÓN, DISTRIBUCIÓN, ETC.
Lugar de publicación, distribución, etc. Barcelona :
Nombre del editor, distribuidor, etc. Octaedro,
Fecha de publicación, distribución, etc. 2020.
300 ## - DESCRIPCIÓN FÍSICA
Extensión 167 páginas ;
Dimensiones 22 cm.
490 1# - MENCIÓN DE SERIE
Mención de serie Recursos educativos
500 ## - NOTA GENERAL
Nota general Índice
504 ## - NOTA DE BIBLIOGRAFÍA, ETC.
Nota de bibliografía, etc. Referencias bibliográficas
650 #7 - PUNTO DE ACCESO ADICIONAL DE MATERIA--TÉRMINO DE MATERIA
Término de materia o nombre geográfico como elemento de entrada Educación-
Subdivisión general Filosofía.
9 (RLIN) 12079
650 #7 - PUNTO DE ACCESO ADICIONAL DE MATERIA--TÉRMINO DE MATERIA
Término de materia o nombre geográfico como elemento de entrada Pedagogía crítica
Fuente del encabezamiento o término embne
9 (RLIN) 138602
650 07 - PUNTO DE ACCESO ADICIONAL DE MATERIA--TÉRMINO DE MATERIA
Término de materia o nombre geográfico como elemento de entrada Cine-
Subdivisión general Aspectos sociales.
9 (RLIN) 11015
650 07 - PUNTO DE ACCESO ADICIONAL DE MATERIA--TÉRMINO DE MATERIA
Término de materia o nombre geográfico como elemento de entrada Literatura y sociedad
Fuente del encabezamiento o término embne
9 (RLIN) 14679
650 #7 - PUNTO DE ACCESO ADICIONAL DE MATERIA--TÉRMINO DE MATERIA
Término de materia o nombre geográfico como elemento de entrada Música y sociedad
Fuente del encabezamiento o término embne
9 (RLIN) 169553
700 1# - ENTRADA AGREGADA--NOMBRE PERSONAL
Nombre de persona Martínez Bonafé, Jaume.
9 (RLIN) 175832
Término indicativo de función/relación Autor
830 0# - PUNTO DE ACCESO ADICIONAL DE SERIE-TÍTULO UNIFORME
Título uniforme Recursos educativos
9 (RLIN) 193562
852 4# - LOCALIZACIÓN
Ubicación ES-MaACL
Número de control de estantería N-8149
Sublocalización o colección R. 153219
Ubicación en estantería Depósito J
Donativo/Legado Donación: Editorial
itemnumber 199485
942 ## - ELEMENTOS DE ENTRADA SECUNDARIOS (KOHA)
Tipo de ítem Koha Libro impreso
Suprimir en OPAC No
Holdings
Estatus retirado Estado de pérdida Fuente del sistema de clasificación o colocación Estado de daño No para préstamo Biblioteca de origen Biblioteca actual Ubicación en estantería Fecha de adquisición Fuente de adquisición Total de préstamos Signatura topográfica completa Código de barras Visto por última vez Tipo de ítem Koha
    Clasificación decimal universal     Biblioteca del Ateneo de Madrid Biblioteca del Ateneo de Madrid Depósito J 13/11/2022 Donación   N-8149 101206450 23/02/2023 Libro impreso